Music Quiz

Random Music or Lyrics Quiz
Score 0/203 Timer 05:00
0 Plays Today
% Correct
and
98.8%
a
98.8%
a
98.8%
a
98.8%
and
98.8%
the
98.8%
and
98.8%
the
98.8%
the
98.8%
I
97.3%
I
97.3%
I
97.3%
I
97.3%
I
97.3%
I
97.3%
I
97.3%
you
95.8%
you
95.8%
you
95.8%
you
95.8%
you
95.8%
you
95.8%
you
95.8%
me
92.5%
me
92.5%
me
92.5%
go
91.3%
go
91.3%
to
90.1%
to
90.1%
to
90.1%
to
90.1%
to
90.1%
to
90.1%
oh
89.8%
oh
89.8%
oh
89.8%
oh
89.8%
oh
89.8%
oh
89.8%
oh
89.8%
oh
89.8%
oh
89.8%
got
87.7%
eyes
87.7%
got
87.7%
eyes
87.7%
got
87.7%
eyes
87.7%
do
87.7%
got
87.7%
eyes
87.7%
got
87.7%
eyes
87.7%
got
87.7%
eyes
87.7%
youve
87.4%
youve
87.4%
blue
87.4%
youve
87.4%
like
87.4%
like
87.4%
like
87.4%
youve
87.4%
youve
87.4%
blue
87.4%
youve
87.4%
like
87.4%
% Correct
like
87.4%
like
87.4%
like
87.4%
green
87.1%
green
87.1%
grey
86.8%
grey
86.8%
no
86.5%
no
86.5%
no
86.5%
no
86.5%
no
86.5%
down
86.2%
down
86.2%
never
85.6%
never
85.6%
never
85.6%
never
85.6%
never
85.6%
never
85.6%
never
85.6%
Ive
84.7%
ive
84.7%
ive
84.7%
ive
84.7%
ive
84.7%
ive
84.7%
ive
84.7%
turn
82.9%
turn
82.9%
around
82.6%
around
82.6%
anyone
82%
before
82%
anyone
82%
before
82%
anyone
82%
before
82%
anyone
82%
before
82%
anyone
82%
before
82%
anyone
82%
before
82%
it
81.4%
up
81.1%
dont
81.1%
quite
80.8%
quite
80.8%
quite
80.8%
quite
80.8%
quite
80.8%
quite
80.8%
met
80.5%
ground
80.5%
met
80.5%
met
80.5%
met
80.5%
hit
80.2%
please
79%
my
78.7%
this
78.4%
this
78.4%
this
78.4%
let
78.1%
see
76.6%
ill
75.4%
Ill
75.4%
% Correct
Ill
75.4%
seen
74%
find
74%
find
74%
seen
74%
its
73.7%
way
73.7%
way
73.7%
its
73.7%
home
72.8%
walk
71.6%
as
71%
think
68.9%
tonight
68.6%
alone
67.7%
time
65.6%
time
65.6%
time
65.6%
in
64.4%
heaven
63.2%
soul
60.5%
hurt
59.9%
gateway
58.1%
joke
58.1%
hurts
57.8%
feeling
54.8%
from
54.8%
from
54.8%
place
54.8%
last
54.8%
have
53.9%
just
53%
hope
51.8%
we
51.5%
know
50.9%
though
50%
people
46.4%
people
46.4%
that
46.1%
say
45.2%
each
44.9%
too
44.3%
below
43.7%
world
42.8%
some
41%
myself
40.4%
words
40.1%
always
39.5%
above
39.2%
by
38.9%
been
37.4%
circle
36.2%
lost
35.3%
Id
35%
heard
35%
hard
35%
try
34.7%
need
33.2%
thats
33.2%
need
33.2%
betrayed
30.5%
placed
30.5%
bolts
30.5%
believe
28.7%
break
26.9%
was
24.9%
urgent
20.4%
Remove Ads.
Support Sporcle.
Get the best of Sporcle when you Go Orange. This ad-free experience offers more features, more stats, and more fun while also helping to support Sporcle. Thank you for becoming a member.

You're not logged in!

Compare scores with friends on all Sporcle quizzes.
OR
Log In

Show Comments

Extras

Top Quizzes Today


Score Distribution

Your Account Isn't Verified!

In order to create a playlist on Sporcle, you need to verify the email address you used during registration. Go to your Sporcle Settings to finish the process.

Report this User

Report this user for behavior that violates our Community Guidelines.

Details: